| 000 | 00716nam a2200193 a 4500 | ||
|---|---|---|---|
| 001 | 000028406 | ||
| 005 | 20240226130804.0 | ||
| 008 | 110408s2000 dr 000 | spa d | ||
| 020 | _a9993450014 | ||
| 040 |
_aDO-SdBNP _bspa _cBNPHU |
||
| 082 |
_axxx _bV198s |
||
| 100 | 1 |
_aValois Vidal, Emma _936060 |
|
| 245 | 1 | 0 |
_aSituación de la mujer dominicana : _ben el marco de la evolución histórica de la población y perspectivas futuras / _cEmma Valois Vidal ; introducción de Chiqui Vicioso. |
| 260 |
_aSanto Domingo : _bTaller, _c2000. |
||
| 300 |
_a40 p. ; _c23 cm. |
||
| 500 | _aIncluye datos biográficos del autor en la contracubierta. | ||
| 700 | 1 |
_aVicioso, Sherezada, _d1948- _eintrod. _919504 |
|
| 049 | _aBNPD | ||
| 999 |
_c27898 _d27898 |
||